Guess the Hip-Hop Album Cover - Statistics

General Stats
  • This quiz has been taken 34 times
  • The average score is 16 of 30
Answer Stats
Picture Answer % Correct
2Pac
88%
Outkast
85%
Eminem
79%
Lauryn Hill
79%
50 Cent
76%
Kendrick Lamar
76%
The Miseducation of Lauryn Hill
76%
Ice Cube
73%
Nas
73%
Section.80
73%
All Eyez On Me
70%
JAY-Z
70%
Stankonia
64%
Mobb Deep
58%
Mos Def
55%
Common
52%
Reasonable Doubt
52%
Be
48%
Stillmatic
48%
Eric B. & Rakim
45%
Relapse
45%
The Infamous
45%
The Roots
45%
Black On Both Sides
42%
Paid In Full
33%
The Massacre
27%
The Pharcyde
24%
Things Fall Apart
24%
The Predator
12%
Labcabincalifornia
3%
No matching quizzes found
Score Distribution
Percent of People with Each Score
Percentile by Number Answered
Your Score History
You have not taken this quiz